Členové České obce sokolské v koncentračním táboře Osvětim

Titel: Členové České obce sokolské v koncentračním táboře Osvětim / Bohdan Piętka ; překlad: Markéta Páralová Tardy
Verfasser:
Beteiligt:
Veröffentlicht: Osvětim : Státní Muzeum Auschwitz-Birkenau, 2024
Umfang: 236 Seiten : Illustrationen ; 24 cm
Format: Buch
Sprache: Tschechisch
Einheitssachtitel: Członkowie Czeskiego Związku Sokoła w KL Auschwitz
Schlagworte:
ISBN: 9788377043929 ; 8377043920
Buchumschlag
X
alg: 54137755
001A    $06000:15-01-26 
001B    $01999:11-03-26 $t21:08:02.000 
001D    $01999:11-03-26 
001U    $0utf8 
001X    $00 
002@    $0Aay 
002C    $aText $btxt $2rdacontent 
002C    $aunbewegtes Bild $bsti $2rdacontent 
002D    $aohne Hilfsmittel zu benutzen $bn $2rdamedia 
002E    $aBand $bnc $2rdacarrier 
003@    $0541377558 
004A    $A978-83-7704-392-9 $fBroschur 
004A    $083-7704-392-0 
006G    $01353260623 
006U    $026,A03 $f20250113 
007A    $01353260623 $aDNB 
009P    $qapplication/pdf $A2 $3Inhaltsverzeichnis $uhttps://d-nb.info/1353260623/04 $mB:DE-101 
010@    $acze $cpol 
010E    $erda 
011@    $a2024 $n2024 
021A    $aČlenové České obce sokolské v koncentračním táboře Osvětim $hBohdan Piętka ; překlad: Markéta Páralová Tardy 
022A    $aCzłonkowie Czeskiego Związku Sokoła w KL Auschwitz 
028A    $BVerfasser $4aut $71058749501 $8Piętka, Bohdan$Z1969- [Tp3] $9347958370 
028C    $BVerfasser eines Vorworts $4wpr $8Páralová Tardy, Markéta [Tnu] $9475811011 
033A    $pOsvětim $nStátní Muzeum Auschwitz-Birkenau 
034D    $a236 Seiten 
034I    $a24 cm 
034M    $aIllustrationen 
037A    $aIndeks 
037A    $aWspółfinansowanie: Ministerstwo Kultury i Dziedzictwa Narodowego (Polska) 
044K    $qDNB $#KZ Auschwitz $#Auschwitz I $74003697-2 $8Konzentrationslager Auschwitz [Tb1] $9085001635 
044K    $qDNB $RKombattant $ROpposition $RWiderstandskämpfer $RProtest $#Government, Resistance to $#Underground movements, War $#Résistance politique $#Mouvements de résistance $#Politischer Widerstand $#Widerstand $#Widerstandsbewegung $#Politischer Widerstand $#Widerstandsbewegung $#Politischer Widerstand $#Widerstandsbewegung $74079262-6 $8Widerstand [Ts1] $9085225177 
044K    $qDNB $RSlawen $#Sokolbewegung $74250460-0 $8Sokol [Ts1] $9086323369 
044K    $qDNB $RVerbannung $RVerschleppung $RDeportierter $RWeibliche Deportierte $#Deportation $#Expulsion des étrangers $#Déportation $#Deportation $#Zwangsumsiedlung/Deportation $74011467-3 $8Deportation [Ts1] $9085023345 
044K    $qDNB $RTschechien $RBöhmen $RTschechoslowakei $#Böhmen und Mähren Protektorat $#Reichsprotektorat Böhmen und Mähren $#Protektorát Čechy a Morava $74076390-0 $8Protektorat Böhmen und Mähren [Tg1] $9085216569 
045E    $c940 
045F    $a940.531809224371 $eDDC23ger 
045F/01 $a940.5318 
045F/03 $f0922 
045F/03 $g4371 
045G    $a900.943809043 $eDDC23BSB 
045G/01 $a900 
045G/03 $f09043 
045G/03 $f09044 
045G/03 $g438 
045H    $a900.9437109043 $eDDC23BSB 
045H/01 $a900 
045H/03 $f09043 
045H/03 $f09044 
045H/03 $g4371 
045R    $aGeschichte 

lok: 54137755 24

exp: 54137755 24 1 #EPN
201B/01 $011-03-26 $t15:01:54.000 
201C/01 $005-02-26 
201U/01 $0utf8 
203@/01 $01333562713 
208@/01 $a11-03-26 $bz 
209A/01 $a26.00728 $du $f050 $h26 00728 $x00 
209C/01 $a26.00728 K $h26 00728 K 
209G/01 $a75176279 $x00 
220C/01 $ajwa/hae 
247C/01 $8358050-7 Marburg, Bibliothek des Herder-Instituts Marburg $9102600961
LEADER 00000cam a22000002c 4500
001 541377558
003 DE-603
005 20260311210802.0
007 tu
008 260115s2024 xx |||| | u00||u|cze
015 |a 26,A03  |2 dnb 
016 7 |2 DE-101  |a 1353260623 
020 |a 9788377043929  |c Broschur 
020 |a 8377043920 
035 |a (DE-599)DNB1353260623 
040 |a DE-603  |b ger  |c DE-603  |d DE-603  |e rda 
041 |a cze  |h pol 
082 0 4 |8 1\u  |a 940.531809224371  |q DE-101  |2 23/ger 
083 0 |8 2\u  |a 900.943809043  |q DE-101  |2 23/BSB 
083 0 |8 3\u  |a 900.9437109043  |q DE-101  |2 23/BSB 
084 |a 940  |q DE-101  |2 sdnb 
085 |8 1\u  |b 940.5318 
085 |8 1\u  |z 1  |s 0922 
085 |8 1\u  |z 2  |s 4371 
085 |8 2\u  |b 900 
085 |8 2\u  |z 1  |s 09043 
085 |8 2\u  |z 1  |s 09044 
085 |8 2\u  |z 2  |s 438 
085 |8 3\u  |b 900 
085 |8 3\u  |z 1  |s 09043 
085 |8 3\u  |z 1  |s 09044 
085 |8 3\u  |z 2  |s 4371 
100 1 |a Piętka, Bohdan  |d 1969-  |e Verfasser  |4 aut  |0 (DE-603)347958370  |0 (DE-588)1058749501  |2 gnd 
240 1 0 |a Członkowie Czeskiego Związku Sokoła w KL Auschwitz 
245 0 0 |a Členové České obce sokolské v koncentračním táboře Osvětim  |c Bohdan Piętka ; překlad: Markéta Páralová Tardy 
264 1 |a Osvětim  |b Státní Muzeum Auschwitz-Birkenau  |c 2024 
300 |a 236 Seiten  |b Illustrationen  |c 24 cm 
336 |a Text  |b txt  |2 rdacontent 
336 |a unbewegtes Bild  |b sti  |2 rdacontent 
337 |a ohne Hilfsmittel zu benutzen  |b n  |2 rdamedia 
338 |a Band  |b nc  |2 rdacarrier 
500 |a Indeks 
500 |a Współfinansowanie: Ministerstwo Kultury i Dziedzictwa Narodowego (Polska) 
610 1 7 |a Konzentrationslager Auschwitz  |2 gnd  |0 (DE-588)4003697-2  |0 (DE-603)085001635 
648 7 |a Geschichte  |2 gnd 
650 7 |a Widerstand  |0 (DE-588)4079262-6  |0 (DE-603)085225177  |2 gnd 
650 7 |a Sokol  |0 (DE-588)4250460-0  |0 (DE-603)086323369  |2 gnd 
650 7 |a Deportation  |0 (DE-588)4011467-3  |0 (DE-603)085023345  |2 gnd 
651 7 |a Protektorat Böhmen und Mähren  |0 (DE-588)4076390-0  |0 (DE-603)085216569  |2 gnd 
700 1 |a Páralová Tardy, Markéta  |e Verfasser eines Vorworts  |4 wpr  |0 (DE-603)475811011 
856 4 2 |m B:DE-101  |q application/pdf  |u https://d-nb.info/1353260623/04  |3 Inhaltsverzeichnis 
924 0 |9 Mb 50  |a (DE-603)1333562713  |b DE-Mb50  |c HES  |d c  |g 26.00728